000 00342nam a2200157Ia 4500
003 IT-RoPAU
008 120407s9999 xx 000 0 und d
040 _aIT-RoPAU
040 _cIT-RoPAU
100 _aGiulio A. Levi
245 _aSoria del pensiero di Giacomo Leopardi
260 _aBocca
300 _c cm
490 _v1
942 _cBK
999 _c1315
_d1315